Eliminatoires Coupe du Monde 2018: Les meilleurs buteurs - Statistiques

Statistiques générales
  • Ce quiz a été pris 278 fois
  • Le résultat moyen est 11 sur 16
Statistiques - réponses
Réponse % Correct
Portugal
99%
Belgique
95%
Pologne
93%
Uruguay
93%
Chine
89%
Danemark
88%
Arabie Saoudite
82%
Australie
79%
Iran
76%
Suède
71%
Etats-Unis
65%
Qatar
51%
Nouvelle-Zélande
41%
Syrie
31%
Emirats Arabes Unis
26%
Guatemala
13%
Aucun quiz correspondant
Distribution des résultats
% des personnes avec chaque résultat
Percentile par nombre de réponses
Votre historique - résultats
Vous n’avez pas pris ce quiz